000
00480nam a2200181Ia 4500
008
090123s9999 xx 000 0 und d
082
_b
4176
100
_a
गांगल वसंत
245
_a
ससेमिरा
250
_a
1
260
_b
मनोरंजन
_c
1976
300
_a
84
600
_a
गांगल वसंत
630
_a
ससेमिरा
700
_a
गांगल वसंत
730
_a
ससेमिरा
942
_c
BOOK
999
_c
42252
_d
42252